01349cam a22003377a 4500003000500000005001700005008004100022010001000063011001000073035001000083040000900093090001000102100004100112245019500153260004100348300002100389502011200410590003700522590004100559590004100600590004100641590004200682650002500724650003400749650003200783901000700815942001000822949003500832999001700867952012700884CHAP20220329135529.0971013s1980 r 00010 d a38100 a39072 a43192 cCHAP aTesis00aMiranda Lima, Cosme Damián.97608413aLa densidad de siembra en cuatro variedades braquíticas de maíz (Zea mays L.) y el efecto sobre la producción de grano, forraje y caracteres agronómicos: verano de 1979 Apodaca, N.L. a(Monterrey, N.L.) :bEl autor,c1980 a82 h.b; gráfs aTesis (Ing. Agrónomo en Producción Agropecuaria) -- ITESM. Div. de Ciencias Agropecuarias y Marítimas aALEPHb10c20130110lUCH01h1303 aBATCH-UPDb10c20130110lUCH01h2051 aBATCH-UPDb10c20130410lUCH01h1404 aBATCH-UPDb10c20130914lUCH01h1750 aCONVERSIONb10c20130109lUCH01h132114aMaíz enano.97111314aMaízxEspaciamiento.97094614aMaízxRendimiento.971051 aBK cTESIS bBCcTESd-99145eTS1i43192si c38100d38100 00102local4051708TESISaBCbBCcPA_TESISd2012-12-17fTESISl0oTesisp-99145r2019-12-31 00:00:00w2019-12-31yTESIS